书目信息 |
| 题名: |
超长大体积混凝土结构跳仓法技术应用指南
|
|
| 作者: | 王国卿 , 陆参 主编 | |
| 分册: | ||
| 出版信息: | 北京 中国建筑工业出版社 2018.01 |
|
| 页数: | 341页 | |
| 开本: | 26cm | |
| 丛书名: | ||
| 单 册: | ||
| 中图分类: | TU755.6 | |
| 科图分类: | ||
| 主题词: | 大体积混凝土施工--da ti ji hun ning tu shi gong--指南 | |
| 电子资源: | ||
| ISBN: | 978-7-112-20974-3 | |
| 000 | 01083nam0 2200241 450 | |
| 001 | 0100001105 | |
| 005 | 20190312093851.68 | |
| 010 | @a978-7-112-20974-3@dCNY66.00 | |
| 100 | @a20180321d2018 em y0chiy50 ea | |
| 101 | 0 | @achi |
| 102 | @aCN@b110000 | |
| 105 | @aak a 000yy | |
| 200 | 1 | @a超长大体积混凝土结构跳仓法技术应用指南@Achao chang da ti ji hun ning tu jie gou tiao cang fa ji shu ying yong zhi nan@f王国卿, 陆参主编 |
| 210 | @a北京@c中国建筑工业出版社@d2018.01 | |
| 215 | @a341页@c图@d26cm | |
| 320 | @a有书目 (第340-341页) | |
| 330 | @a本书共分为三篇, 条文解析, 包括条文、条文说明和条文解析, 对规程主要部分, 逐条加以解析 ; 技术要点, 通过对规程编制应用中的6方面问题的问和答, 对跳仓法的原理、材料、设计、计算施工和质量控制加以详细分析 ; 应用案例, 通过5个实际工程成功应用跳仓法的实例, 介绍了跳仓法的优点和施工方案的编制方法。 | |
| 606 | 0 | @a大体积混凝土施工@Ada ti ji hun ning tu shi gong@j指南 |
| 690 | @aTU755.6@v5 | |
| 701 | 0 | @a王国卿@Awang guo qing@4主编 |
| 701 | 0 | @a陆参@Alu shen@4主编 |
| 801 | 0 | @aCN@c20180910 |
| 905 | @a河南城建学院图书馆@dTU755.6@eW195 | |
| 超长大体积混凝土结构跳仓法技术应用指南/王国卿, 陆参主编.-北京:中国建筑工业出版社,2018.01 |
| 341页:图;26cm |
| ISBN 978-7-112-20974-3:CNY66.00 |
| 本书共分为三篇, 条文解析, 包括条文、条文说明和条文解析, 对规程主要部分, 逐条加以解析 ; 技术要点, 通过对规程编制应用中的6方面问题的问和答, 对跳仓法的原理、材料、设计、计算施工和质量控制加以详细分析 ; 应用案例, 通过5个实际工程成功应用跳仓法的实例, 介绍了跳仓法的优点和施工方案的编制方法。 |
| ● |
| 相关链接 |
|
|
|
正题名:超长大体积混凝土结构跳仓法技术应用指南
索取号:TU755.6/W195
 
预约/预借
| 序号 | 登录号 | 条形码 | 馆藏地/架位号 | 状态 | 备注 |
| 1 | 1244443 | 212444434 | 建筑库201/201建筑库 43排1列5层/ [索取号:TU755.6/W195] | 在馆 | |
| 2 | 1399652 | 213996522 | 建筑库201/201建筑库 43排1列5层/ [索取号:TU755.6/W195] | 在馆 | |
| 3 | 1399653 | 213996531 | 建筑库201/201建筑库 43排1列5层/ [索取号:TU755.6/W195] | 在馆 |